|
|
|
|
| LEADER |
00000nam0a2200000 4500 |
| 001 |
118322 |
| 005 |
20231031124105.0 |
| 010 |
|
|
|a 701004922X
|
| 035 |
|
|
|a (RuTPU)RU\TPU\book\128040
|
| 090 |
|
|
|a 118322
|
| 100 |
|
|
|a 20070609d2005 km y0rusy50 ea
|
| 101 |
0 |
|
|a chi
|
| 102 |
|
|
|a CN
|
| 105 |
|
|
|a y z 000zy
|
| 200 |
1 |
|
|a Формы логики
|f под ред. Цин Юэсю
|
| 210 |
|
|
|a Пекин
|c Народное изд-во
|d 2005
|
| 215 |
|
|
|a 355 с.
|
| 225 |
1 |
|
|a Библиотека Китая
|
| 300 |
|
|
|a Книга на китайском языке.
|
| 610 |
1 |
|
|a логика
|
| 610 |
1 |
|
|a логическое мышление
|
| 610 |
1 |
|
|a формы
|
| 610 |
1 |
|
|a формальная логика
|
| 610 |
1 |
|
|a теория
|
| 610 |
1 |
|
|a логические законы
|
| 686 |
|
|
|a Ю4
|v LBC/SL-A
|2 rubbk
|
| 702 |
|
1 |
|a Цин Юэсю
|4 340
|
| 801 |
|
1 |
|a RU
|b 63413507
|c 20070609
|g PSBO
|
| 801 |
|
2 |
|a RU
|b 63413507
|c 20070705
|g PSBO
|
| 942 |
|
|
|c BK
|